Vở bài tập địa lí 4

Các bài tập trong Vở bài tập Địa lí 4 nhằm giúp học sinh lớp 4 thực hiện các hoạt động độc lập và đa dạng sau các tiết học Địa lí, rèn luyện cho học sinh các kĩ năng thực hành, củng cố và khắc sâu kiến thức....

Ausführliche Beschreibung

Gespeichert in:
Bibliographische Detailangaben
1. Verfasser: Nguyễn, Tuyết Nga
Format: Buch
Sprache:Undetermined
Veröffentlicht: Hà Nội Giáo dục Việt Nam 2016
Schlagworte:
Tags: Tag hinzufügen
Keine Tags, Fügen Sie den ersten Tag hinzu!
Thư viện lưu trữ: Trung tâm Học liệu Trường Đại học Cần Thơ
LEADER 00986nam a2200217Ia 4500
001 CTU_215931
008 210402s9999 xx 000 0 und d
020 |c 5000 
082 |a 372.891076 
082 |b Ng100 
100 |a Nguyễn, Tuyết Nga 
245 0 |a Vở bài tập địa lí 4 
245 0 |c Nguyễn Tuyết Nga, Phạm Thị Sen 
260 |a Hà Nội 
260 |b Giáo dục Việt Nam 
260 |c 2016 
520 |a Các bài tập trong Vở bài tập Địa lí 4 nhằm giúp học sinh lớp 4 thực hiện các hoạt động độc lập và đa dạng sau các tiết học Địa lí, rèn luyện cho học sinh các kĩ năng thực hành, củng cố và khắc sâu kiến thức. 
650 |a Geography,Địa lí 
650 |x Study and teaching (Elementary),Dạy và học (Tiểu học) 
904 |i Hải 
980 |a Trung tâm Học liệu Trường Đại học Cần Thơ